000
nam a22 7a 4500
999
_c
43899
_d
43899
003
OSt
005
20180316155137.0
008
180316b xxu||||| |||| 00| 0 eng d
040
_c
IIMT
100
_a
SINGH S.K
245
_a
PUBLIC FINANCE
260
_a
DELHI
_b
AGRA SAHITYA
_c
2017
300
_a
200
942
_2
ddc
_c
02